Complete leatherwork : easy techniques and 25 ... Read More
Available copies
- 1 of 1 copy available at LARL/NWRL Consortium.
- 1 of 1 copy available at Lake Agassiz Regional Library. (Show preferred library)
Current holds
0 current holds with 1 total copy.
Show Only Available Copies
| Location | Call Number / Copy Notes | Barcode | Shelving Location | Status | Due Date |
|---|---|---|---|---|---|
| Moorhead Public Library | 745.531 POG (Text) | 33500010260982 | Main | Available | - |
Record details
- ISBN: 9781843404842 (hbk.)
- ISBN: 1843404842 (hbk.)
- Physical Description: p. cm.
- Publisher: London : Collins & Brown, 2009.
Search for related items by subject
| Subject: | Leatherwork |
| LDR | 01001cam a22002898a 4500 | ||
|---|---|---|---|
| 001 | 110264 | ||
| 003 | LARL_NWRL_CONSORTIUM | ||
| 005 | 20091016144303.0 | ||
| 008 | 090515s2009 enka 000 0 eng | ||
| 015 | . | ‡aGBA950064 ‡2bnb | |
| 016 | 7 | . | ‡a015261839 ‡2Uk |
| 020 | . | ‡a9781843404842 (hbk.) | |
| 020 | . | ‡a1843404842 (hbk.) | |
| 035 | . | ‡a(OCoLC)681536903 ‡z(OCoLC)310398183 | |
| 040 | . | ‡aUKM ‡cUKM ‡dBTCTA | |
| 082 | 0 | 4. | ‡a745.531 ‡222 |
| 100 | 1 | . | ‡aPogson, Katherine. ‡0(LARL_NWRL_CONSORTIUM)217539 |
| 245 | 1 | 0. | ‡aComplete leatherwork : ‡beasy techniques and 25 great projects / ‡cKatherine Pogson. |
| 260 | . | ‡aLondon : ‡bCollins & Brown, ‡c2009. | |
| 263 | . | ‡a200908 | |
| 300 | . | ‡ap. ‡ccm. | |
| 650 | 0. | ‡aLeatherwork ‡0(LARL_NWRL_CONSORTIUM)24382 | |
| 901 | . | ‡a110264 ‡bOCLC ‡c110264 ‡tbiblio | |

Add to basket
Permalink
Disable Highlighting